00473cam a2200181ua 45000010005000000080039000050200015000440400009000590410008000680820011000761000025000872450065001122500009001772600030001863000010002166530044002266530021002708114150109n ii |||frmmmmZ001|0|hin a8186135901 cMAIN ahin a891.43 aPandey, M.,eAuthor.1 aAjneya ke kavya men mithakeeya sanchetanacBy Madhuri Pandey a1st. aVaranasi:bSanjay,c1999. a156p. aEast Indo-European & Celtic literatures aHindi literature